XML: (Record no. 27253)

MARC details
000 -LEADER
fixed length control field 00944nam a22002417a 4500
005 - DATE AND TIME OF LATEST TRANSACTION
control field 2009060508388.0
008 - FIXED-LENGTH DATA ELEMENTS--GENERAL INFORMATION
fixed length control field 090605t xxu||||| |||| 00| 0 eng d
010 ## - LCCN (DPL NO)
LC control number ENG-93904
020 ## - INTERNATIONAL STANDARD BOOK NUMBER
International Standard Book Number 9780070146990
Terms of availability 450.00
035 ## - SYSTEM CONTROL NUMBER
System control number EN-77437
037 ## - SOURCE OF ACQUISITION
Source of stock number/acquisition DBAD / PUB
040 ## - CATALOGING SOURCE
Original cataloging agency dpl
Language of cataloging English
082 ## - DEWEY DECIMAL CLASSIFICATION NUMBER
Classification number 006.74
100 ## - MAIN ENTRY--PERSONAL NAME
Personal name Holzner, Steven
245 ## - TITLE STATEMENT
Title XML:
Remainder of title a beginner's guide: go beyond the basics with Ajax, XHTML, XPath 2.0, XSLT 2.0, and XQuery /
Statement of responsibility, etc by Steven Holzner
260 ## - PUBLICATION, DISTRIBUTION, ETC. (IMPRINT)
Place of publication, distribution, etc New Delhi
Name of publisher, distributor, etc Tata McGraw-Hill Publishing
Date of publication, distribution, etc 2009
270 ## - ADDRESS
Address 7 West Patel Nagar
City New Delhi
Postal code 110008
300 ## - PHYSICAL DESCRIPTION
Extent xx, 426p.
Dimensions 25cm(pbk)
500 ## - GENERAL NOTE
General note Includes index
650 ## - SUBJECT ADDED ENTRY--TOPICAL TERM
Topical term or geographic name as entry element XML (Document markup language)
942 ## - ADDED ENTRY ELEMENTS (KOHA)
Source of classification or shelving scheme Dewey Decimal Classification
Item type English Books
Classification part 006.74
Call number suffix HOL
Holdings
Withdrawn status Lost status Source of classification or shelving scheme Damaged status Not for loan Collection code Home library Current library Date acquired Source of acquisition Cost, normal purchase price Total Checkouts Full call number Barcode Date last seen Copy number Cost, replacement price Koha item type
    Dewey Decimal Classification   Not For Loan Non-fiction D.B.Act.Division D.B.Act.Division 05/06/2009 DBAD / PUB 450.00   006.74 HOL EN-77437 05/06/2009 1 450.00 English Books

© Delhi Public Library
Hit Counter
free hit counter